| 000 | 00533nam a22001695i 4500 | ||
|---|---|---|---|
| 001 | 48424 | ||
| 003 | ES-MaACL | ||
| 005 | 20230906161741.0 | ||
| 007 | t| | ||
| 008 | 950718s1886 fr ||||1| fre d | ||
| 040 |
_aCAM _bspa _cCAM |
||
| 100 | 1 |
_aDebidour, Antoine. _943123 |
|
| 245 | 1 | 0 |
_aEtudes critiques sur la révolution, l'empire et la période contemporaine / _cpar A. Debidour. |
| 260 |
_aParis : _bG. Charpentier et Cie., _c1886 ( _fimprimerie Charaire et fils) |
||
| 300 |
_a377 p. ; _c19 cm. |
||
| 852 |
_aES-MaACL _jF-1063 |
||
| 999 |
_c48424 _d48424 |
||